Konsep kesalahan bahasa dalam bahasa Melayu
| Main Author: | |
|---|---|
| Format: | Book |
| Published: |
Kuala Lumpur :
Dewan Bahasa dan Pustaka ,
1995
|
| Subjects: |
MARC
| LEADER | 00000cam a2200000 7i4500 | ||
|---|---|---|---|
| 001 | 0000003555 | ||
| 005 | 20050420.0 | ||
| 020 | |a 9836245758 | ||
| 040 | |a INS | ||
| 090 | 0 | 0 | |a PL5067. |b A92 1995 |
| 100 | 1 | |a Awang Sariyan | |
| 245 | 1 | 0 | |a Konsep kesalahan bahasa dalam bahasa Melayu |c Awang Sariyan |
| 260 | |a Kuala Lumpur : |b Dewan Bahasa dan Pustaka , |c 1995 | ||
| 300 | |a 46p. | ||
| 650 | 0 | 0 | |a Malay language |x errors of usage |
| 650 | 0 | 0 | |a Malay language |x grammar |
| 650 | 0 | 0 | |a Malay language |x usage |
| 999 | |a 0000006885 |b BOOK |c Open Shelf |e Default branch | ||